[Event "Pan American-ch School U13 12th"]
[Site "Callao"]
[Date "2023.10.17"]
[Round "3"]
[White "Cahuaya Alpes, William Rafael"]
[Black "Ccana Minauro, Wernher Sebastian"]
[Result "0-1"]
[WhiteElo "1201"]
[BlackElo "1510"]
[PlyCount "86"]
[EventDate "2023.10.16"]
[EventType "swiss"]
[EventRounds "9"]
[EventCountry "PER"]
[SourceTitle "Mega2024 Update 01"]
[Source "Chessbase"]
[SourceDate "2023.11.12"]
[SourceVersion "1"]
[SourceVersionDate "2023.11.12"]
[SourceQuality "1"]

1. e4 c5 2. Nf3 d6 3. d4 cxd4 4. Nxd4 Nf6 5. f3 e5 6. Nb3 d5 7. exd5 Qxd5 8. Qxd5 Nxd5 9. Bd3 Bd6 10. 0-0 0-0 11. Bd2 Nc6 12. Nc3 Be6 13. Ne4 Rad8 14. Nbc5 Bxc5+ 15. Nxc5 Bc8 16. a3 b6 17. Ne4 Nd4 18. Nc3 Bb7 19. Rfe1 Rfe8 20. Nxd5 Bxd5 21. Be3 Bc6 22. Bxd4 Rxd4 23. Rad1 f6 24. Be4 Bxe4 25. Rxd4 exd4 26. Rxe4 Rc8 27. Re2 Kf7 28. Kf2 Rd8 29. Rd2 Ke6 30. Ke2 Kd5 31. Kd3 Re8 32. Re2 Rxe2 33. Kxe2 Kc4 34. Kd2 b5 35. b3+ Kc5 36. Kd3 Kd5 37. h4 h5 38. f4 f5 39. b4 a6 40. g3 g6 41. Kd2 Kc4 42. Kd1 Kc3 43. Kc1 d3 0-1

[Event "Pan American-ch School U13 12th"]
[Site "Callao"]
[Date "2023.10.16"]
[Round "1"]
[White "Gallegos Ambulay, Salvador Yoel"]
[Black "Ccana Minauro, Wernher Sebastian"]
[Result "1/2-1/2"]
[WhiteElo "1110"]
[BlackElo "1510"]
[PlyCount "74"]
[EventDate "2023.10.16"]
[EventType "swiss"]
[EventRounds "9"]
[EventCountry "PER"]
[SourceTitle "Mega2024 Update 01"]
[Source "Chessbase"]
[SourceDate "2023.11.12"]
[SourceVersion "1"]
[SourceVersionDate "2023.11.12"]
[SourceQuality "1"]

1. e4 c5 2. Nf3 d6 3. Nc3 g6 4. Bc4 Bg7 5. d3 Nf6 6. h3 0-0 7. 0-0 Nc6 8. Bg5 Rb8 9. Nd5 Be6 10. Qd2 Na5 11. Nxe7+ Qxe7 12. Bxe6 fxe6 13. Qxa5 b5 14. Qd2 Qc7 15. Rab1 b4 16. Bxf6 Bxf6 17. d4 cxd4 18. Nxd4 Qc4 19. Nb3 Rfd8 20. Qd3 Qc7 21. Nd4 Bxd4 22. Qxd4 Qc5 23. Qxc5 dxc5 24. Rbd1 Kf7 25. f3 Rd4 26. Rd3 Rbd8 27. Rfd1 e5 28. Rxd4 cxd4 29. Kf2 Re8 30. Rc1 Ke7 31. Ke2 Kd6 32. Kd2 g5 33. Rh1 Re6 34. a4 a5 35. b3 h5 36. h4 Re8 37. hxg5 Rg8 1/2-1/2

[Event "Pan American-ch U10"]
[Site "Guayaquil"]
[Date "2019.07.22"]
[Round "3"]
[White "Abad Huaman, Adrian Estiven"]
[Black "Ccana Minauro, Wernher Sebastian"]
[Result "1/2-1/2"]
[WhiteElo "1422"]
[BlackElo "1289"]
[PlyCount "92"]
[EventDate "2019.07.21"]
[EventType "swiss"]
[EventRounds "9"]
[EventCountry "ECU"]
[SourceTitle "EXT 2020"]
[Source "ChessBase"]
[SourceDate "2019.10.17"]
[SourceVersion "1"]
[SourceVersionDate "2019.10.17"]
[SourceQuality "1"]

1. d4 d5 2. c4 c6 3. cxd5 cxd5 4. Nc3 Nc6 5. Bf4 a6 6. Rc1 Nf6 7. Nf3 Bf5 8. e3 Bg4 9. Be2 Bxf3 10. Bxf3 e6 11. 0-0 Be7 12. a3 0-0 13. Na4 Ne4 14. Bxe4 dxe4 15. Nc5 Bxc5 16. dxc5 Qf6 17. Bd6 Rfd8 18. Qb3 b5 19. Qc2 Qh4 20. h3 f5 21. Rfd1 Rac8 22. b4 Qf6 23. Qb3 Kh8 24. a4 Ne5 25. Bxe5 Qxe5 26. axb5 axb5 27. Rxd8+ Rxd8 28. Rd1 Ra8 29. Qc2 f4 30. Qd2 h6 31. exf4 Qf6 32. Qe3 Ra1 33. Rxa1 Qxa1+ 34. Kh2 Qb1 35. Qd4 Qc2 36. h4 Kh7 37. h5 Qd3 38. Qe5 Qc4 39. f5 exf5 40. Qxf5+ Kh8 41. Qc8+ Kh7 42. Qd7 Qxb4 43. c6 e3 44. Qd3+ Kh8 45. Qxe3 Qd6+ 46. Qg3 Qxc6 1/2-1/2